000 01366nam a2200313 4500
003 EG-GICUC
005 20260121101220.0
008 251113s2005 ua ||||fq|||| 00| 0 ara d
017 _a20059325
020 _a9770497029
040 _a EG-GICUC
_bara
_c EG-GICUC
_d EG-GICUC
_erda
041 0 _aara
082 0 4 _221
_a341.851
_bح س . ت
092 0 4 _221
099 _aLaw1 12 3341.851 ح س . ت 2005
100 0 _aحسام الدين فتحي ناصف
_eمؤلف.
245 1 2 _aالتحكيم الإلكتروني في منازعات التجارة الدولية :
_bدراسه في ضوء الإتفاقيات الدولية ولوائح هيئات التحكيم الدولية والقوانين المقارنه /
_cحسام الدين فتحي ناصف.
264 1 _aالقاهرة :
_bدار النهضة العربية،
_c2005 .
300 _a200 ؛صفحة
_c24 سم.
336 _2rda content
_atext
337 _2rda media
_aComputer
338 _2rda carrier
_aOnline Resource
504 _aيحتوي على ارجاعات ببليوجرافية
546 _aالنص أغلبه باللغة العربية بعض النصوص الإنجليزية والفرنسية
650 1 _aالتحكيم
_xقانون دولي
856 4 0 _uhttps://fll.law.cu.edu.eg/fulltext/bks/B12-01168.pdf
905 _a75
_eYara
942 _2ddc
_n0
_cBK
_e21
999 _c43180
_d43180